[Event "GRENKE Chess Open 2024"]
[Site "Karlsruhe"]
[Date "2024.03.30"]
[Round "5.29"]
[White "Langheinrich, Ferenc"]
[Black "Bluebaum, Matthias"]
[Result "0-1"]
[WhiteElo "2338"]
[BlackElo "2655"]
[Annotator "TA"]
[PlyCount "74"]
[EventDate "2024.03.28"]
[EventType "swiss"]
[EventCountry "GER"]
[SourceTitle "playchess.com"]
[Source "ChessBase"]
[SourceQuality "1"]

1. b3 d5 2. Bb2 Bf5 3. d3 Nf6 4. Nd2 c5 5. g3 Nc6 6. Bg2 e5 7. e4 Be6 8. exd5 Nxd5 9. Ngf3 f6 10. O-O Be7 11. Qe2 O-O 12. c3 Nc7 13. Rad1 Qd7 14. Nc4 b5 15. Ne3 Bh3 16. Qc2 Bxg2 17. Kxg2 f5 18. d4 e4 19. Ne5 Nxe5 20. dxe5 Qe6 21. c4 f4 22. gxf4 Rxf4 23. cxb5 Qh6 24. Rd7 Rh4 25. Rg1 Rxh2+ 26. Kf1 Rf8 27. Ng4 Qh3+ 28. Ke1 Rh1 29. Qc4+ Kh8 30. Rxh1 Qxh1+ 31. Qf1 Qh4 32. Rxc7 Qxg4 33. Qe2 Qg1+ 34. Qf1 Qg6 35. Rxe7 e3 36. f4 Rd8 37. Bc3 Qb1+ 0-1

[Event "GRENKE Chess Open 2024"]
[Site "Karlsruhe"]
[Date "2024.03.30"]
[Round "5.29"]
[White "Szakolczai, Peter"]
[Black "Weber, Samuel"]
[Result "1/2-1/2"]
[WhiteElo "2145"]
[BlackElo "2293"]
[Annotator "RC"]
[PlyCount "106"]
[EventDate "2024.03.28"]
[EventType "swiss"]
[EventCountry "GER"]
[SourceTitle "playchess.com"]
[Source "ChessBase"]
[SourceQuality "1"]

1. e4 e6 2. d4 d5 3. Nc3 Nf6 4. exd5 exd5 5. Bg5 c6 6. Qd2 Bf5 7. O-O-O Be7 8. f3 h6 9. Be3 Nbd7 10. g4 Be6 11. Nge2 Nf8 12. Nf4 Qa5 13. Kb1 Bb4 14. a3 Bxc3 15. Qxc3 Qxc3 16. bxc3 b5 17. h4 h5 18. g5 Ng8 19. Nxe6 fxe6 20. Bh3 Ne7 21. Rde1 Kd7 22. Bf4 Nf5 23. Be5 Rg8 24. Bxf5 exf5 25. Re2 Ne6 26. f4 Rge8 27. Rhe1 a5 28. Re3 a4 29. Ka2 Nf8 30. Bxg7 Rxe3 31. Rxe3 Ng6 32. Be5 Re8 33. Rh3 Kc8 34. Kb2 Kb7 35. Rh1 Re6 36. Rh3 Kc8 37. Rh1 Kd7 38. Rh3 Ke8 39. Ka2 Kf7 40. Rh2 Ne7 41. Rg2 Nc8 42. Rg3 Nb6 43. Rg2 Nc4 44. Re2 Kg6 45. Rg2 Re8 46. Rh2 Ne3 47. Rd2 Nf1 48. Rd3 Nh2 49. Rg3 Ng4 50. Rf3 Re7 51. Kb2 Kf7 52. Kb1 Ke8 53. Kb2 Kf7 1/2-1/2

[Event "GRENKE Chess Open 2024"]
[Site "Karlsruhe"]
[Date "2024.03.30"]
[Round "5.30"]
[White "Kazakouski, Valery"]
[Black "Bassini, Emile"]
[Result "1-0"]
[WhiteElo "2608"]
[BlackElo "2346"]
[Annotator "TA"]
[PlyCount "55"]
[EventDate "2024.03.28"]
[EventType "swiss"]
[EventCountry "GER"]
[SourceTitle "playchess.com"]
[Source "ChessBase"]
[SourceQuality "1"]

1. d4 Nf6 2. c4 e6 3. Nc3 Bb4 4. Nf3 b6 5. Bg5 h6 6. Bh4 Bb7 7. e3 g5 8. Bg3 Ne4 9. Qc2 d6 10. Bd3 Bxc3+ 11. bxc3 f5 12. d5 exd5 13. cxd5 Bxd5 14. Nd4 Qf6 15. f3 Nxg3 16. hxg3 Nd7 17. Bxf5 O-O-O 18. e4 Qe7 19. Qa4 Kb7 20. Bxd7 Rxd7 21. O-O c5 22. Nb5 a6 23. exd5 axb5 24. Qxb5 Qe3+ 25. Kh1 Re7 26. Rab1 c4 27. Qc6+ Ka7 28. Rb4 1-0

[Event "GRENKE Chess Open 2024"]
[Site "Karlsruhe"]
[Date "2024.03.30"]
[Round "5.30"]
[White "Engel, Luis"]
[Black "Sidletskyi, Ivan"]
[Result "*"]
[WhiteElo "2547"]
[BlackElo "2336"]
[Annotator "RC"]
[PlyCount "37"]
[EventDate "2024.03.28"]
[EventType "swiss"]
[EventCountry "GER"]
[SourceTitle "playchess.com"]
[Source "ChessBase"]
[SourceQuality "1"]

1. d4 Nf6 2. c4 e6 3. Nc3 Bb4 4. Nf3 b6 5. Bg5 h6 6. Bh4 Bb7 7. e3 g5 8. Bg3 Ne4 9. Qc2 d6 10. Bd3 Bxc3+ 11. bxc3 f5 12. d5 exd5 13. cxd5 Bxd5 14. Nd4 Qf6 15. f3 Nxg3 16. hxg3 Nd7 17. Bxf5 O-O-O 18. e4 Qe7 19. Qa4 *

[Event "GRENKE Chess Open 2024"]
[Site "Karlsruhe"]
[Date "2024.03.30"]
[Round "5.30"]
[White "Gallasch, Jonas"]
[Black "Gramb, Marius"]
[Result "1/2-1/2"]
[WhiteElo "2291"]
[BlackElo "2142"]
[Annotator "RC"]
[PlyCount "65"]
[EventDate "2024.03.28"]
[EventType "swiss"]
[EventCountry "GER"]
[SourceTitle "playchess.com"]
[Source "ChessBase"]
[SourceQuality "1"]

1. Nf3 d5 2. d4 Nf6 3. c4 e6 4. g3 Bb4+ 5. Bd2 Be7 6. Bg2 c6 7. Qc2 Nbd7 8. O-O O-O 9. Nc3 dxc4 10. a4 Nd5 11. a5 c5 12. Nb5 a6 13. Na3 cxd4 14. Nxd4 Bf6 15. Qxc4 b5 16. axb6 N7xb6 17. Qd3 Bb7 18. Rfd1 Rb8 19. Ba5 Qd6 20. e4 Nc7 21. Nac2 Rfd8 22. Qe2 e5 23. Nf5 Qe6 24. Rxd8+ Rxd8 25. Rd1 Rxd1+ 26. Qxd1 Nb5 27. Bxb6 Qxb6 28. Qd7 Qc6 29. Qxc6 Bxc6 30. Nb4 Bb7 31. Ne3 Be7 32. Nbd5 Bc5 33. Nc4 1/2-1/2

[Event "GRENKE Chess Open 2024"]
[Site "Karlsruhe"]
[Date "2024.03.30"]
[Round "5.31"]
[White "Lewtak, Damian"]
[Black "Papp, Gabor"]
[Result "1/2-1/2"]
[WhiteElo "2343"]
[BlackElo "2558"]
[Annotator "TA"]
[PlyCount "163"]
[EventDate "2024.03.28"]
[EventType "swiss"]
[EventCountry "GER"]
[SourceTitle "playchess.com"]
[Source "ChessBase"]
[SourceQuality "1"]

1. e4 e5 2. Nf3 Nc6 3. Bb5 a6 4. Ba4 Nf6 5. d3 d6 6. c4 g6 7. Nc3 Bg7 8. d4 exd4 9. Nxd4 Bd7 10. Nxc6 bxc6 11. O-O O-O 12. Re1 Re8 13. c5 d5 14. exd5 Rxe1+ 15. Qxe1 cxd5 16. c6 Bf5 17. Bf4 d4 18. Rd1 Qe8 19. Qxe8+ Rxe8 20. Nb1 Nd5 21. Bd2 Rb8 22. Bb3 Ne7 23. Rc1 Rb6 24. Bg5 Rxc6 25. Re1 Bf8 26. Nd2 Be6 27. Bxe6 Rxe6 28. Rxe6 fxe6 29. Bxe7 Bxe7 30. Kf1 e5 31. Ke2 Bg5 32. Ne4 Be7 33. Kd3 Kf7 34. Nd2 Ke6 35. Ke4 Bf6 36. Nc4 Bg7 37. b3 Bf6 38. f3 Bg7 39. Nb2 Kd6 40. Nd3 Kc6 41. f4 exf4 42. Nxf4 Kd6 43. Nd3 c5 44. Nb2 Ke6 45. Nc4 Bf8 46. Nb2 Bd6 47. h3 Bf8 48. Nc4 Kf6 49. Ne5 Bd6 50. Nf3 Bg3 51. Nd2 Ke6 52. Nc4 Bc7 53. Nd2 Bd8 54. Nc4 Bc7 55. Nb2 Kf6 56. Nd3 Bd6 57. Ne1 h5 58. Nf3 Bg3 59. Nd2 Ke6 60. Nc4 Bc7 61. Nd2 Kd6 62. Nc4+ Kc6 63. a4 Bg3 64. Na5+ Kc7 65. Nc4 Kc6 66. Na5+ Kd7 67. Nc4 Ke6 68. Nb2 Be5 69. Nd3 Bd6 70. Ne1 Be7 71. Nd3 Bd6 72. Ne1 Bg3 73. Nf3 Bc7 74. Nd2 Be5 75. Nf3 Bf6 76. Nd2 Kd6 77. Nc4+ Kc6 78. Na5+ Kc7 79. Nc4 Kc6 80. Na5+ Kd6 81. Nb7+ Kc6 82. Na5+ 1/2-1/2

[Event "GRENKE Chess Open 2024"]
[Site "Karlsruhe"]
[Date "2024.03.30"]
[Round "5.31"]
[White "Stork, Oliver"]
[Black "Vavulin, Maxim"]
[Result "*"]
[WhiteElo "2329"]
[BlackElo "2538"]
[Annotator "RC"]
[PlyCount "34"]
[EventDate "2024.03.28"]
[EventType "swiss"]
[EventCountry "GER"]
[SourceTitle "playchess.com"]
[Source "ChessBase"]
[SourceQuality "1"]

1. e4 e5 2. Nf3 Nc6 3. Bb5 a6 4. Ba4 Nf6 5. d3 d6 6. c4 g6 7. Nc3 Bg7 8. d4 exd4 9. Nxd4 Bd7 10. Nxc6 bxc6 11. O-O O-O 12. Re1 Re8 13. c5 d5 14. exd5 Rxe1+ 15. Qxe1 cxd5 16. c6 Bf5 17. Bf4 d4 *

[Event "GRENKE Chess Open 2024"]
[Site "Karlsruhe"]
[Date "2024.03.30"]
[Round "5.32"]
[White "Heberla, Bartlomiej"]
[Black "Zeller, Frank"]
[Result "0-1"]
[WhiteElo "2557"]
[BlackElo "2340"]
[Annotator "TA"]
[PlyCount "90"]
[EventDate "2024.03.28"]
[EventType "swiss"]
[EventCountry "GER"]
[SourceTitle "playchess.com"]
[Source "ChessBase"]
[SourceQuality "1"]

1. d4 Nf6 2. c4 e6 3. Nc3 Bb4 4. e3 O-O 5. Bd2 b6 6. Bd3 Bb7 7. Nf3 c5 8. a3 Bxc3 9. Bxc3 Ne4 10. Bxe4 Bxe4 11. dxc5 bxc5 12. Qd6 Nc6 13. Nd2 Bg6 14. Qxc5 Qc7 15. Qg5 e5 16. e4 f5 17. exf5 Rxf5 18. Qg3 Raf8 19. O-O Rf4 20. Rac1 d6 21. Qe3 h5 22. f3 h4 23. h3 Qe7 24. Ne4 Bxe4 25. fxe4 Rxf1+ 26. Rxf1 Rxf1+ 27. Kxf1 Qf7+ 28. Ke1 Qxc4 29. Kd2 Qf1 30. Qe2 Qf4+ 31. Kc2 Nd8 32. Qc4+ Kh7 33. Bd2 Qf6 34. Be3 Ne6 35. Bxa7 Qg6 36. Kb3 Nf4 37. a4 Qxg2 38. a5 Qxh3+ 39. Kb4 Qg2 40. a6 h3 41. Bb6 h2 42. a7 h1=Q 43. a8=Q Qxb2+ 44. Ka5 Qha1+ 45. Qa4 Qxa4+ 0-1

[Event "GRENKE Chess Open 2024"]
[Site "Karlsruhe"]
[Date "2024.03.30"]
[Round "5.32"]
[White "Noe, Christopher"]
[Black "Kostov, Deyan Samuil"]
[Result "*"]
[WhiteElo "2527"]
[BlackElo "2328"]
[Annotator "RC"]
[PlyCount "41"]
[EventDate "2024.03.28"]
[EventType "swiss"]
[EventCountry "GER"]
[SourceTitle "playchess.com"]
[Source "ChessBase"]
[SourceQuality "1"]

1. d4 Nf6 2. c4 e6 3. Nc3 Bb4 4. e3 O-O 5. Bd2 b6 6. Bd3 Bb7 7. Nf3 c5 8. a3 Bxc3 9. Bxc3 Ne4 10. Bxe4 Bxe4 11. dxc5 bxc5 12. Qd6 Nc6 13. Nd2 Bg6 14. Qxc5 Qc7 15. Qg5 e5 16. e4 f5 17. exf5 Rxf5 18. Qg3 Raf8 19. O-O Rf4 20. Rac1 d6 21. Qe3 *

[Event "GRENKE Chess Open 2024"]
[Site "Karlsruhe"]
[Date "2024.03.30"]
[Round "5.32"]
[White "Aepfler, Christian"]
[Black "Kuberczyk, Christoph"]
[Result "1/2-1/2"]
[WhiteElo "2134"]
[BlackElo "2290"]
[Annotator "RC"]
[PlyCount "80"]
[EventDate "2024.03.28"]
[EventType "swiss"]
[EventCountry "GER"]
[SourceTitle "playchess.com"]
[Source "ChessBase"]
[SourceQuality "1"]

1. e4 c5 2. c3 d5 3. exd5 Qxd5 4. d4 Nf6 5. Nf3 e6 6. Be2 cxd4 7. Qxd4 Nc6 8. Qxd5 Nxd5 9. O-O f6 10. Rd1 Bd7 11. Nbd2 O-O-O 12. Nc4 Be7 13. g3 Kc7 14. Ne1 Bc8 15. Ng2 e5 16. Bd2 Be6 17. Nge3 Rd7 18. Nxd5+ Bxd5 19. Be1 Rhd8 20. Ne3 Be6 21. Rxd7+ Rxd7 22. Bc4 Bxc4 23. Nxc4 b5 24. Ne3 Bc5 25. c4 a6 26. Nd5+ Kb7 27. b3 Nd4 28. Kg2 Kc6 29. Ne3 b4 30. Nd5 a5 31. Bd2 Ra7 32. Rb1 Ne6 33. Rd1 Bd4 34. f4 Nc7 35. fxe5 fxe5 36. Ne3 Ne6 37. Nd5 Nc7 38. Ne3 Ne6 39. Nd5 Nc7 40. c5 Kxc5 1/2-1/2

[Event "GRENKE Chess Open 2024"]
[Site "Karlsruhe"]
[Date "2024.03.30"]
[Round "5.33"]
[White "Engel, Luis"]
[Black "Sidletskyi, Ivan"]
[Result "1-0"]
[WhiteElo "2547"]
[BlackElo "2336"]
[Annotator "TA"]
[PlyCount "43"]
[EventDate "2024.03.28"]
[EventType "swiss"]
[EventCountry "GER"]
[SourceTitle "playchess.com"]
[Source "ChessBase"]
[SourceQuality "1"]

1. e4 e6 2. d4 d5 3. Nd2 c5 4. exd5 Qxd5 5. Ngf3 cxd4 6. Bc4 Qd6 7. O-O Nf6 8. Nb3 Nc6 9. Nbxd4 Nxd4 10. Nxd4 Be7 11. c3 O-O 12. Qf3 Qc7 13. Bb3 a5 14. a4 Bd7 15. Re1 Qb6 16. Bc2 Bc6 17. Qh3 Bc5 18. Bg5 Bxd4 19. Bxf6 Bxf2+ 20. Kf1 h6 21. Qg4 g5 22. Re2 1-0

[Event "GRENKE Chess Open 2024"]
[Site "Karlsruhe"]
[Date "2024.03.30"]
[Round "5.33"]
[White "Ernst, Luca"]
[Black "Farokhi, Keyvan"]
[Result "0-1"]
[WhiteElo "2133"]
[BlackElo "2289"]
[Annotator "RC"]
[PlyCount "106"]
[EventDate "2024.03.28"]
[EventType "swiss"]
[EventCountry "GER"]
[SourceTitle "playchess.com"]
[Source "ChessBase"]
[SourceQuality "1"]

1. e4 c6 2. d4 d5 3. Nc3 dxe4 4. Nxe4 Bf5 5. Ng3 Bg6 6. Nh3 e6 7. Nf4 Bd6 8. Ngh5 Bf8 9. Bc4 Nf6 10. Nxf6+ Qxf6 11. Nxg6 hxg6 12. Be3 Nd7 13. Qe2 Bd6 14. O-O-O O-O-O 15. Bb3 Bf4 16. g3 Bxe3+ 17. fxe3 Qg5 18. Kb1 Nf6 19. e4 Qg4 20. Qf2 Qxe4 21. d5 exd5 22. Rhe1 Qb4 23. Qxa7 Rhe8 24. c3 Qd6 25. Rxe8 Rxe8 26. c4 Re5 27. Qa8+ Qb8 28. Qa3 Qc7 29. cxd5 Nxd5 30. Qf8+ Qd8 31. Qxf7 Qf6 32. Qg8+ Kc7 33. Bxd5 Qf5+ 34. Kc1 cxd5 35. Qxg7+ Kb8 36. Qh8+ Ka7 37. Qd8 d4 38. Qxd4+ Rc5+ 39. Kd2 b6 40. g4 Rc2+ 41. Ke3 Qf2+ 42. Ke4 Re2+ 43. Kd5 Qf7+ 44. Kc6 Qe6+ 45. Kb5 Re5+ 46. Kb4 Re4 47. Kc3 Rxd4 48. Rxd4 Qxa2 49. h3 Qa5+ 50. Kb3 Qb5+ 51. Kc3 Qc5+ 52. Kd3 Qe5 53. Kc3 b5 0-1

[Event "GRENKE Chess Open 2024"]
[Site "Karlsruhe"]
[Date "2024.03.30"]
[Round "5.34"]
[White "Guliyev, Namig"]
[Black "Coenen, Michael"]
[Result "*"]
[WhiteElo "2508"]
[BlackElo "2320"]
[Annotator "RC"]
[PlyCount "30"]
[EventDate "2024.03.28"]
[EventType "swiss"]
[EventCountry "GER"]
[SourceTitle "playchess.com"]
[Source "ChessBase"]
[SourceQuality "1"]

1. c4 g6 2. Nf3 Bg7 3. d4 d6 4. g3 c5 5. Bg2 Nc6 6. d5 Na5 7. Nbd2 a6 8. Rb1 b5 9. b3 Nf6 10. Qc2 e6 11. dxe6 Bxe6 12. Bb2 O-O 13. O-O Re8 14. Ng5 Bf5 15. e4 Bc8 *

[Event "GRENKE Chess Open 2024"]
[Site "Karlsruhe"]
[Date "2024.03.30"]
[Round "5.34"]
[White "Stork, Oliver"]
[Black "Vavulin, Maxim"]
[Result "0-1"]
[WhiteElo "2329"]
[BlackElo "2538"]
[Annotator "TA"]
[PlyCount "100"]
[EventDate "2024.03.28"]
[EventType "swiss"]
[EventCountry "GER"]
[SourceTitle "playchess.com"]
[Source "ChessBase"]
[SourceQuality "1"]

1. c4 g6 2. Nf3 Bg7 3. d4 d6 4. g3 c5 5. Bg2 Nc6 6. d5 Na5 7. Nbd2 a6 8. Rb1 b5 9. b3 Nf6 10. Qc2 e6 11. dxe6 Bxe6 12. Bb2 O-O 13. O-O Re8 14. Ng5 Bf5 15. e4 Bc8 16. f4 Ra7 17. h3 Nc6 18. Rbe1 Na5 19. Rb1 Nc6 20. Rbe1 Na5 21. Rb1 Nc6 22. Rbe1 Nd4 23. Qb1 Rae7 24. Kh2 Ra7 25. Kg1 Rae7 26. Kh2 Bb7 27. b4 h6 28. bxc5 dxc5 29. Bxd4 cxd4 30. e5 Bxg2 31. Kxg2 hxg5 32. exf6 Re2+ 33. Rxe2 Rxe2+ 34. Rf2 Rxf2+ 35. Kxf2 Qxf6 36. Qe4 gxf4 37. Qxf4 Qc6 38. cxb5 Qxb5 39. Nf3 d3 40. g4 Bc3 41. Ng5 Qd5 42. Ne4 Qxa2+ 43. Kg1 Bd4+ 44. Kh1 Qb1+ 45. Kg2 Qg1+ 46. Kf3 Qf1+ 47. Kg3 Qxf4+ 48. Kxf4 a5 49. Nd2 a4 50. Ke4 a3 0-1

[Event "GRENKE Chess Open 2024"]
[Site "Karlsruhe"]
[Date "2024.03.30"]
[Round "5.34"]
[White "Barzen, Pascal"]
[Black "Hecht, Jonas Christian"]
[Result "1/2-1/2"]
[WhiteElo "2286"]
[BlackElo "2135"]
[Annotator "ChessBase"]
[PlyCount "20"]
[EventDate "2024.03.28"]
[EventType "swiss"]
[EventCountry "GER"]
[SourceTitle "playchess.com"]
[Source "ChessBase"]
[SourceQuality "1"]

1. e4 c5 2. Nf3 e6 3. d4 cxd4 4. Nxd4 Nc6 5. Nc3 Qc7 6. Be3 a6 7. Qf3 Nf6 8. O-O-O Ne5 9. Qg3 b5 10. f4 Neg4 1/2-1/2

[Event "GRENKE Chess Open 2024"]
[Site "Karlsruhe"]
[Date "2024.03.30"]
[Round "5.35"]
[White "Noe, Christopher"]
[Black "Kostov, Deyan Samuil"]
[Result "1-0"]
[WhiteElo "2527"]
[BlackElo "2328"]
[Annotator "TA"]
[PlyCount "133"]
[EventDate "2024.03.28"]
[EventType "swiss"]
[EventCountry "GER"]
[SourceTitle "playchess.com"]
[Source "ChessBase"]
[SourceQuality "1"]

1. d4 d5 2. c4 dxc4 3. Nf3 Nf6 4. e3 e6 5. Bxc4 c5 6. O-O a6 7. dxc5 Qxd1 8. Rxd1 Bxc5 9. Be2 O-O 10. Ne5 Nbd7 11. Nc4 Nd5 12. Nbd2 b5 13. Na5 Bb6 14. Ndb3 Ne5 15. Bd2 f5 16. Rac1 f4 17. e4 Nf6 18. Bc3 Ng6 19. Bb4 Re8 20. Bd2 Rf8 21. Bb4 Re8 22. Bc5 Rf8 23. Bb4 Re8 24. Bc5 Bxc5 25. Nxc5 Ne5 26. Rd6 Ng6 27. Rdd1 Ne5 28. Rd6 Ng6 29. Rdd1 Ne5 30. Rd6 Nf7 31. Rb6 Ne5 32. Rd6 Nf7 33. Rb6 Ne5 34. b4 Kf7 35. Rd1 Ned7 36. Nxd7 Nxd7 37. Rb7 Re7 38. Rc7 Ne5 39. Rc5 Nd7 40. Rc3 Ne5 41. Rd8 Re8 42. Rc7+ Bd7 43. Rdxd7+ Nxd7 44. Rxd7+ Re7 45. Rxe7+ Kxe7 46. Nb3 Rc8 47. Nc5 a5 48. a3 axb4 49. axb4 Ra8 50. g3 fxg3 51. hxg3 Kd6 52. Kg2 g5 53. e5+ Kxe5 54. Bxb5 h5 55. Bc6 Rh8 56. b5 g4 57. Na6 Kd6 58. Be4 h4 59. gxh4 Rxh4 60. b6 Rh8 61. b7 Ke5 62. Bc2 Kf4 63. b8=Q+ Rxb8 64. Nxb8 e5 65. Nd7 e4 66. Nf6 e3 67. Nd5+ 1-0

[Event "GRENKE Chess Open 2024"]
[Site "Karlsruhe"]
[Date "2024.03.30"]
[Round "5.35"]
[White "Schulze, Torben"]
[Black "Kramer, Julian"]
[Result "*"]
[WhiteElo "2317"]
[BlackElo "2469"]
[Annotator "RC"]
[PlyCount "38"]
[EventDate "2024.03.28"]
[EventType "swiss"]
[EventCountry "GER"]
[SourceTitle "playchess.com"]
[Source "ChessBase"]
[SourceQuality "1"]

1. d4 d5 2. c4 dxc4 3. Nf3 Nf6 4. e3 e6 5. Bxc4 c5 6. O-O a6 7. dxc5 Qd4 8. Qd2 Qxd2 9. Re1 Qd1 10. Rxd1 Bxc5 11. Be2 O-O 12. Ne5 Nbd7 13. Nc4 Nd5 14. Nbd2 b5 15. Na5 Bb6 16. Ndb3 Ne5 17. Bd2 f5 18. Rac1 f4 19. e4 Nf6 *

[Event "GRENKE Chess Open 2024"]
[Site "Karlsruhe"]
[Date "2024.03.30"]
[Round "5.36"]
[White "Bazakutsa, Svyatoslav"]
[Black "Song, Julien"]
[Result "*"]
[WhiteElo "2462"]
[BlackElo "2311"]
[Annotator "RC"]
[PlyCount "29"]
[EventDate "2024.03.28"]
[EventType "swiss"]
[EventCountry "GER"]
[SourceTitle "playchess.com"]
[Source "ChessBase"]
[SourceQuality "1"]

1. c4 e6 2. Nc3 d5 3. d4 Bb4 4. e3 Nf6 5. a3 Bxc3+ 6. bxc3 c6 7. a4 O-O 8. a5 Nbd7 9. Nf3 Re8 10. Be2 e5 11. O-O Qc7 12. Re1 Rb8 13. Ba3 b6 14. axb6 axb6 15. Qb3 *

[Event "GRENKE Chess Open 2024"]
[Site "Karlsruhe"]
[Date "2024.03.30"]
[Round "5.36"]
[White "Heinert, Eugen"]
[Black "Sorm, Daniel"]
[Result "0-1"]
[WhiteElo "2130"]
[BlackElo "2279"]
[Annotator "RC"]
[PlyCount "54"]
[EventDate "2024.03.28"]
[EventType "swiss"]
[EventCountry "GER"]
[SourceTitle "playchess.com"]
[Source "ChessBase"]
[SourceQuality "1"]

1. e4 c6 2. d4 d5 3. f3 e6 4. Nc3 Bb4 5. Qd3 b6 6. Qe3 Ne7 7. Bd2 O-O 8. a3 Bd6 9. e5 Nf5 10. Qf2 Be7 11. Bd3 c5 12. Bxf5 exf5 13. Be3 Nc6 14. Nge2 Ba6 15. Rd1 cxd4 16. Nxd4 Nxe5 17. Nxf5 Re8 18. Nxd5 Bd6 19. b3 Qb8 20. Nxd6 Qxd6 21. Nb4 Qh6 22. Nxa6 Nxf3+ 23. gxf3 Rxe3+ 24. Kf1 Qh3+ 25. Qg2 Qf5 26. Nc7 Rxf3+ 27. Kg1 Qc5+ 0-1

[Event "GRENKE Chess Open 2024"]
[Site "Karlsruhe"]
[Date "2024.03.30"]
[Round "5.37"]
[White "Guliyev, Namig"]
[Black "Coenen, Michael"]
[Result "0-1"]
[WhiteElo "2508"]
[BlackElo "2320"]
[Annotator "TA"]
[PlyCount "58"]
[EventDate "2024.03.28"]
[EventType "swiss"]
[EventCountry "GER"]
[SourceTitle "playchess.com"]
[Source "ChessBase"]
[SourceQuality "1"]

1. e4 e5 2. Nf3 Nc6 3. Bb5 a6 4. Ba4 Nf6 5. O-O Be7 6. Re1 b5 7. Bb3 O-O 8. d4 Nxd4 9. Nxd4 exd4 10. e5 Ne8 11. Qxd4 Bb7 12. c4 c5 13. Qg4 d6 14. Nc3 dxe5 15. Rxe5 Bf6 16. Rxc5 Bd4 17. Bg5 Qd6 18. Rf5 Bxc3 19. bxc3 Bc8 20. Qf3 Bxf5 21. Qxa8 Qg6 22. cxb5 axb5 23. h4 h6 24. g4 Bd7 25. Be7 Bc6 26. Qa7 Qe4 27. Kf1 Qd3+ 28. Kg1 Qh3 29. f3 Qxf3 0-1

[Event "GRENKE Chess Open 2024"]
[Site "Karlsruhe"]
[Date "2024.03.30"]
[Round "5.37"]
[White "Haring, Filip"]
[Black "Baerwinkel, Tobias"]
[Result "*"]
[WhiteElo "2452"]
[BlackElo "2306"]
[Annotator "RC"]
[PlyCount "42"]
[EventDate "2024.03.28"]
[EventType "swiss"]
[EventCountry "GER"]
[SourceTitle "playchess.com"]
[Source "ChessBase"]
[SourceQuality "1"]

1. e4 e5 2. Nf3 Nc6 3. Bb5 a6 4. Ba4 Nf6 5. O-O Be7 6. Re1 b5 7. Bb3 O-O 8. d4 Nxd4 9. Nxd4 exd4 10. e5 Ne8 11. Qxd4 Bb7 12. c4 c5 13. Qg4 d6 14. Nc3 dxe5 15. Rxe5 Bf6 16. Rxc5 Bd4 17. Bg5 Qd6 18. Rf5 Bxc3 19. bxc3 Bc8 20. Qf3 Bxf5 21. Qxa8 Qg6 *

[Event "GRENKE Chess Open 2024"]
[Site "Karlsruhe"]
[Date "2024.03.30"]
[Round "5.37"]
[White "Viennot, Dylan"]
[Black "Bui, Bao Anh Le"]
[Result "1/2-1/2"]
[WhiteElo "2276"]
[BlackElo "2133"]
[Annotator "RC"]
[PlyCount "43"]
[EventDate "2024.03.28"]
[EventType "swiss"]
[EventCountry "GER"]
[SourceTitle "playchess.com"]
[Source "ChessBase"]
[SourceQuality "1"]

1. c4 Nf6 2. Nc3 c5 3. e3 e6 4. Nf3 Nc6 5. d4 d5 6. a3 dxc4 7. Bxc4 a6 8. O-O Be7 9. dxc5 Bxc5 10. Qc2 O-O 11. b4 Ba7 12. Bb2 Qe7 13. Ba2 Bd7 14. Rad1 Rac8 15. Bb1 g6 16. Ba2 e5 17. Qb1 Bf5 18. Qa1 Be6 19. Nd5 Nxd5 20. Bxd5 Bxd5 21. Rxd5 f6 22. Rfd1 1/2-1/2

[Event "GRENKE Chess Open 2024"]
[Site "Karlsruhe"]
[Date "2024.03.30"]
[Round "5.37"]
[White "Meyers, Mark"]
[Black "Gharibyan, Mamikon"]
[Result "0-1"]
[WhiteElo "2235"]
[BlackElo "2499"]
[Annotator "TA"]
[PlyCount "45"]
[EventDate "2024.03.28"]
[EventType "swiss"]
[EventCountry "GER"]
[SourceTitle "playchess.com"]
[Source "ChessBase"]
[SourceQuality "1"]

1. Nf3 d5 2. g3 g6 3. Bg2 Bg7 4. d4 Nf6 5. O-O Nbd7 6. c4 dxc4 7. Qc2 Nb6 8. e4 Bg4 9. Be3 Nfd7 10. a4 a5 11. Na3 c6 12. Rac1 O-O 13. Rfd1 e5 14. dxe5 Qe7 15. Rd2 Bxf3 16. Bxf3 Nxe5 17. Be2 Qb4 18. Bxb6 Qxb6 19. Nxc4 Nxc4 20. Bxc4 Bh6 21. Rd7 Bxc1 22. Qxc1 Rad8 23. Re7 0-1

[Event "GRENKE Chess Open 2024"]
[Site "Karlsruhe"]
[Date "2024.03.30"]
[Round "5.38"]
[White "Schulze, Torben"]
[Black "Kramer, Julian"]
[Result "0-1"]
[WhiteElo "2317"]
[BlackElo "2469"]
[Annotator "TA"]
[PlyCount "90"]
[EventDate "2024.03.28"]
[EventType "swiss"]
[EventCountry "GER"]
[SourceTitle "playchess.com"]
[Source "ChessBase"]
[SourceQuality "1"]

1. e4 c5 2. Nf3 d6 3. Nc3 Nc6 4. d4 cxd4 5. Nxd4 Nf6 6. Bg5 e6 7. Qd2 a6 8. O-O-O Bd7 9. Kb1 Be7 10. Nxc6 Bxc6 11. f3 h6 12. Be3 d5 13. e5 Nd7 14. f4 g6 15. Ne2 Bb5 16. g4 Qc7 17. Bg2 Bxe2 18. Qxe2 Bc5 19. Bc1 Nb6 20. b3 O-O-O 21. Bb2 h5 22. h3 Bb4 23. c3 Be7 24. Bf3 hxg4 25. hxg4 Kb8 26. Qe3 Bc5 27. Qc1 Qc8 28. g5 Rxh1 29. Rxh1 Rh8 30. Rxh8 Qxh8 31. Qh1 Qf8 32. Bc1 Ka7 33. Qh2 Nc8 34. Qe2 Qd8 35. Qd3 Ne7 36. a3 Qb6 37. Ka2 Bg1 38. Qe2 Nc6 39. Qd2 Ne7 40. Bd1 Nf5 41. Bc2 Be3 42. Qd1 Bxc1 43. Qxc1 Qf2 44. Ka1 Ne3 45. Bb1 Qxf4 0-1

[Event "GRENKE Chess Open 2024"]
[Site "Karlsruhe"]
[Date "2024.03.30"]
[Round "5.38"]
[White "Schneider, Jana"]
[Black "Buckels, Valentin"]
[Result "*"]
[WhiteElo "2303"]
[BlackElo "2450"]
[Annotator "RC"]
[PlyCount "45"]
[EventDate "2024.03.28"]
[EventType "swiss"]
[EventCountry "GER"]
[SourceTitle "playchess.com"]
[Source "ChessBase"]
[SourceQuality "1"]

1. e4 c5 2. Nf3 d6 3. Nc3 Nc6 4. d4 cxd4 5. Nxd4 Nf6 6. Bg5 e6 7. Qd2 a6 8. O-O-O Bd7 9. Kb1 Be7 10. Nxc6 Bxc6 11. f3 h6 12. Be3 d5 13. e5 Nd7 14. f4 g6 15. Ne2 Bb5 16. g4 Qc7 17. Bg2 Bxe2 18. Qxe2 Bc5 19. Bc1 Nb6 20. b3 O-O-O 21. Bb2 h5 22. h3 Bb4 23. c3 *